Seismic data analysis : (Record no. 15039)

MARC details
000 -LEADER
fixed length control field 00854cam a2200241 a 4500
001 - CONTROL NUMBER
control field TB12488
003 - CONTROL NUMBER IDENTIFIER
control field IN-BhIIT
005 - DATE AND TIME OF LATEST TRANSACTION
control field 20250728170516.0
008 - FIXED-LENGTH DATA ELEMENTS--GENERAL INFORMATION
fixed length control field 000428s2001 okua b 001 0 eng
020 ## - INTERNATIONAL STANDARD BOOK NUMBER
ISBN 9781560800941
040 ## - CATALOGING SOURCE
Original cataloging agency IN-BhIIT
041 ## - LANGUAGE CODE
Language code of text eng
082 00 - DEWEY DECIMAL CLASSIFICATION NUMBER
Classification number 622.1592
Book number YIL/S
100 1# - MAIN ENTRY--AUTHOR NAME
Personal name Yilmaz, Ozdoğan.
Relator term Author
245 10 - TITLE STATEMENT
Title Seismic data analysis :
Sub Title processing, inversion, and interpretation of seismic data /
Statement of responsibility, etc Oz Yilmaz ; edited by Stephen M. Doherty.
260 ## - PUBLICATION, DISTRIBUTION, ETC. (IMPRINT)
Place of publication Tulsa, OK :
Name of publisher Society of Exploration Geophysicists,
Year of publication 2010.
300 ## - PHYSICAL DESCRIPTION
Number of Pages xxxv, 2027 p. :
Other physical details(ill.) ill. ;
Dimensions(size) 29 cm.
500 ## - GENERAL NOTE
General note Rev. ed. of: Seismic data processing. 1987.
504 ## - BIBLIOGRAPHY, ETC. NOTE
Bibliography, etc Includes bibliographical references and index.
650 #0 - SUBJECT ADDED ENTRY--TOPICAL TERM
Topical Term Seismic prospecting
General subdivision Data processing.
700 1# - ADDED ENTRY--PERSONAL NAME
Personal name Doherty, Stephen M.
Relator term Editor
942 ## - ADDED ENTRY ELEMENTS (KOHA)
Koha item type Text Book
Holdings
Withdrawn status Lost status Damaged status Not for loan Collection code Home library Current library Date acquired Source of acquisition Cost, normal purchase price Volume Info Full call number Accession Number Cost, replacement price Price effective from Koha item type
Not withdrawn Not Lost not damaged   SEOCS Central Library, IIT Bhubaneswar Central Library, IIT Bhubaneswar 17/03/2025 39 9746.07 II 622.1592 YIL/S TB12489 13350.78 17/03/2025 Text Book
Not withdrawn Not Lost not damaged   SEOCS Central Library, IIT Bhubaneswar Central Library, IIT Bhubaneswar 17/03/2025 39 9746.07 I 622.1592 YIL/S TB12488 13350.78 17/03/2025 Text Book

Central Library, Indian Institute of Technology Bhubaneswar, 4th Floor, Administrative Building, Argul, Khordha, PIN-752050, Odisha, India
Phone: +91-674-7138750 | Email: circulation.library@iitbbs.ac.in (For circulation related queries),
Email: info.library@iitbbs.ac.in (For other queries)